| 000 | 00731nam a22002537a 4500 | ||
|---|---|---|---|
| 005 | 20170124110016.0 | ||
| 010 | _aA-817102 | ||
| 020 |
_c75.00 _a81203110543 |
||
| 035 | _aA-817102 | ||
| 037 | _bCen Lib/Ret | ||
| 040 |
_aDPL _bEN |
||
| 082 |
_a332.4 _bBUC |
||
| 100 |
_aBuckley, Adrian _918785 |
||
| 245 |
_aThe essence of international money / _cby Adrian Buckley |
||
| 250 | _a2nd ed | ||
| 260 |
_aNew Delhi _bPrentice Hall of India _c1996 |
||
| 270 |
_aM-97,Connaught circus _bNew Delhi _e110001 |
||
| 300 |
_axii,182p. _c21cm(Hb) |
||
| 500 | _aIncludes index | ||
| 650 |
_aInternational finance _918786 |
||
| 650 |
_aForeign exchange _910359 |
||
| 700 | _918366 | ||
| 942 |
_2ddc _cEN _h332.4 _mBUC |
||
| 999 |
_c126897 _d126897 |
||